00639nam a2200205Ia 4500999001500000020001800015082001600033245005400049260003700103300001300140650002900153650001900182650002700201650001300228700002100241700002200262700002100284942000700305952012100312 c5424d5424 a81-88965-25-1 a305.42 ENG- 0aEngendering human security: feminist perspectives aNew DelhibWomen Unlimitedc2006 axxx, 332 aWomenvSocial conditions aWomen's rights aWomenvConduct of life aFeminism aChhachhi, Amrita aTruong, Thanh-Dam aWieringa, Saskia cBK 00104070aNASSDOCbNASSDOCd2007-01-29eDPi2006-12-18l0o305.42 ENG-p43164r2019-04-18 00:00:00w2019-04-18yBK